LEADER 02662nam 2200673Ia 450 001 9910455006303321 005 20200520144314.0 010 $a9780801875676 010 $a0-8018-7567-6 035 $a(CKB)111056486619388 035 $a(EBL)3318145 035 $a(OCoLC)923191031 035 $a(SSID)ssj0000474963 035 $a(PQKBManifestationID)12172363 035 $a(PQKBTitleCode)TC0000474963 035 $a(PQKBWorkID)10455589 035 $a(PQKB)10413647 035 $a(SSID)ssj0000244799 035 $a(PQKBManifestationID)11190858 035 $a(PQKBTitleCode)TC0000244799 035 $a(PQKBWorkID)10169264 035 $a(PQKB)11724349 035 $a(MiAaPQ)EBC3318145 035 $a(Au-PeEL)EBL3318145 035 $a(CaPaEBR)ebr10021616 035 $a(EXLCZ)99111056486619388 100 $a20010416d2002 uy 0 101 0 $aeng 135 $aur|n|---||||| 181 $ctxt 182 $cc 183 $acr 200 10$aSexual revolution in early America$b[electronic resource] /$fRichard Godbeer 210 $aBaltimore, Md. $cJohns Hopkins University Press$d2002 215 $a1 online resource (448 p.) 225 1 $aGender relations in the American experience 300 $aDescription based upon print version of record. 311 $a0-8018-7891-8 311 $a0-8018-6800-9 320 $aIncludes bibliographical references and index. 327 $aContents; Acknowledgments; Introduction; Part I - Passionate Pilgrims; Chapter 1 - ''Chambering and Wantonising''; Chapter 2 - ''A Complete Body of Divinity''; Chapter 3 - ''Pregnant with the Seeds of All Sin''; Part II - Sex and Civility; Chapter 4 - ''Living in a State of Nature''; Chapter 5 - The Dangerous Allure of ''Copper-Coloured Beauties''; Chapter 6 - ''The Cameleon Lover''; Part III - The Sexual Revolution; Chapter 7 - ''Under the Watch''; 'Chapter 8 - 'A Hint to Young Ladies''; Chapter 9 - ''Martyrdom to Venus''; Afterword; Notes; Index 410 0$aGender relations in the American experience. 606 $aSex customs$zUnited States$xHistory 606 $aSex role$zUnited States$xHistory 606 $aSex customs$zNorth America$xHistory 607 $aUnited States$xSocial life and customs$yTo 1775 608 $aElectronic books. 615 0$aSex customs$xHistory. 615 0$aSex role$xHistory. 615 0$aSex customs$xHistory. 676 $a306.7/0973 700 $aGodbeer$b Richard$0715472 801 0$bMiAaPQ 801 1$bMiAaPQ 801 2$bMiAaPQ 906 $aBOOK 912 $a9910455006303321 996 $aSexual revolution in early America$91384744 997 $aUNINA